La transformacin̤ de la sociedad cooperativa

Bibliographic Details
Main Author: Alfonso Sǹchez, Rosala̕
Other Authors: Alonso Espinosa, Francisco J. (pr)
Format: Unknown
Language:Spanish
Published: [Madrid?] : Editoriales de Derecho Reunidas, D.L. 2002
Subjects:
Online Access:Acceso restringido

MARC

LEADER 00000ny a22000003n 4500
005 20110531151027.0
008 030509s2002 sp s 000 0 spa c
017 |a D.L. M.18054-2002 
020 |a 8484940365 
035 |a 1654 
040 |a UMA.RE  |d vLex 
040 |a UMA.RLB  |d vLex 
080 |a 347.726(460) 
090 |c 392  |d 392 
100 1 |a Alfonso Sǹchez, Rosala̕ 
245 1 3 |a La transformacin̤ de la sociedad cooperativa  |h [Recurso electrn̤ico]  |c Rosala̕ Alfonso Sǹchez ; prl̤ogo de Francisco J. Alonso Espinosa 
256 |a Servicio en ln̕ea 
260 |a [Madrid?] :  |b Editoriales de Derecho Reunidas,  |c D.L. 2002 
300 |a 338 p. ;  |c 20 cm 
504 |a Bibliogr.: p. 325-338 
506 1 |a Contenido solo disponible en los productos indicados  |d vLex Global  |d vLex Global (Academic Edition, excluding Law Schools)  |d vLex Global (U.S. Academic Edition, Law Schools)  |d vLex Global (U.S. Academic Edition, excluding Law Schools)  |d vLex Global (Academic Edition, Law Schools) 
650 0 7 |a Cooperativas  |2 Tesauro vLex 
650 0 7 |a Civil  |2 Tesauro vLex 
650 0 7 |a Sociedades cooperativas  |2 Tesauro vLex 
650 0 7 |a Transformacin̤  |2 Tesauro vLex 
700 1 |a Alonso Espinosa, Francisco J.,  |e pr 
740 0 |a vLex Libros (Servicios en ln̕ea) 
856 4 0 |u http://vlex.com/source/1654  |z Acceso restringido 
942 |c BOOK 
999 0 |a Civil Law   |b Madrid